Heat transfer (Record no. 3641)

000 -LEADER
fixed length control field 00564nam a2200229 a 4500
001 - CONTROL NUMBER
control field 3641
003 - CONTROL NUMBER IDENTIFIER
control field BD-DhUET
008 - FIXED-LENGTH DATA ELEMENTS--GENERAL INFORMATION
fixed length control field 960506s1997 nyua b 001 0 eng
020 ## - INTERNATIONAL STANDARD BOOK NUMBER
International Standard Book Number 0071143203
020 ## - INTERNATIONAL STANDARD BOOK NUMBER
International Standard Book Number 0078447852
040 ## - CATALOGING SOURCE
Original cataloging agency DLC
Transcribing agency DLC
Modifying agency BD-DhUET
082 00 - DEWEY DECIMAL CLASSIFICATION NUMBER
Classification number 621.011
Item number HOL/1997
100 1# - MAIN ENTRY--PERSONAL NAME
Personal name Holman, J. P.
245 10 - TITLE STATEMENT
Title Heat transfer
250 ## - EDITION STATEMENT
Edition statement 8th ed.
260 ## - PUBLICATION, DISTRIBUTION, ETC. (IMPRINT)
Place of publication, distribution, etc. New York
Name of publisher, distributor, etc. McGraw-Hill
Date of publication, distribution, etc. 1997
300 ## - PHYSICAL DESCRIPTION
Extent xviii, 696 p.
Other physical details ill.
490 ## - SERIES STATEMENT
Series statement Schaum's outline series
504 ## - BIBLIOGRAPHY, ETC. NOTE
Bibliography, etc Includes bibliographies
650 #0 - SUBJECT ADDED ENTRY--TOPICAL TERM
Topical term or geographic name as entry element Heat transfer
942 ## - ADDED ENTRY ELEMENTS (KOHA)
Koha item type General Book
Holdings
Not for loan Koha date last seen Source of classification or shelving scheme Koha item type Lost status Price effective from Withdrawn status Koha issues (times borrowed) Piece designation (barcode) Copy number Date acquired Koha date last borrowed Damaged status Shelving location Koha normalized classification for sorting Location (home branch) Sublocation or collection (holding branch) Koha out on loan Koha full call number
 2025-04-27 General Book 2014-11-03 39245012014-11-032025-04-27 Circulation section621_011000000000000_HOL_1997Central Library, BUETCentral Library, BUET2025-05-11621.011/HOL/1997
 2014-11-03 General Book 2014-11-03  9245222014-11-03  Circulation section621_011000000000000_HOL_1997Central Library, BUETCentral Library, BUET 621.011/HOL/1997
 2016-07-30 General Book 2014-11-03  9245332014-11-03  Circulation section621_000000000000000_011HOL1997Central Library, BUETCentral Library, BUET 621.011/HOL/1997
 2022-06-08 General Book 2014-11-03 19245442014-11-032022-01-09 Circulation section621_000000000000000_011HOL1997Central Library, BUETCentral Library, BUET 621.011/HOL/1997
 2024-10-28 General Book 2014-11-03 29245552014-11-032024-10-02 Circulation section621_000000000000000_011HOL1997Central Library, BUETCentral Library, BUET 621.011/HOL/1997
 2024-08-31 General Book 2014-11-03 39245762014-11-032023-12-10 Circulation section621_000000000000000_011HOL1997Central Library, BUETCentral Library, BUET 621.011/HOL/1997
 2014-11-03 General Book 2014-11-03  9245972014-11-03  Circulation section621_000000000000000_011HOL1997Central Library, BUETCentral Library, BUET 621.011/HOL/1997
 2024-08-28 General Book 2014-11-03 19246082014-11-032024-03-12 Circulation section621_011000000000000_HOL_1997Central Library, BUETCentral Library, BUET 621.011/HOL/1997
 2024-06-22 General Book 2014-11-03 19246192014-11-032024-04-08 Circulation section621_000000000000000_011HOL1997Central Library, BUETCentral Library, BUET 621.011/HOL/1997
 2025-03-12 General Book 2014-11-03 592462102014-11-032024-12-10 Circulation section621_000000000000000_011HOL1997Central Library, BUETCentral Library, BUET 621.011/HOL/1997
 2017-05-03 General Book 2014-11-03 192464112014-11-032015-03-04 Circulation section621_000000000000000_011HOL1997Central Library, BUETCentral Library, BUET 621.011/HOL/1997
 2019-07-10 General Book 2014-11-03 392465122014-11-032019-06-17 Circulation section621_000000000000000_011HOL1997Central Library, BUETCentral Library, BUET 621.011/HOL/1997
 2022-06-08 General Book 2014-11-03 392466132014-11-032022-05-24 Circulation section621_000000000000000_011HOL1997Central Library, BUETCentral Library, BUET 621.011/HOL/1997
 2015-04-12 General Book 2015-04-12  92468142015-04-12  Circulation section621_011000000000000_HOL_1997Central Library, BUETCentral Library, BUET 621.011 HOL/1997
 2015-07-02 Reading Item 2015-07-02  92447152015-07-02  Reading section621_011000000000000_HOL_1997Central Library, BUETCentral Library, BUET 621.011/HOL/1997
 2015-07-09 Reading Item 2015-07-09  92446162015-07-09  Reading section621_011000000000000_HOL_1997Central Library, BUETCentral Library, BUET 621.011/HOL/1997